ბათუმის შოთა რუსთაველის სახელმწიფო უნივერსიტეტის ბიბლიოთეკა

Физиология растении (ბიბ.ჩანაწერი № 46410)

000 -LEADER
fixed length control field 00570nam a2200205Ia 4500
001 - CONTROL NUMBER
control field 13246
003 - CONTROL NUMBER IDENTIFIER
control field GE_BSU
008 - FIXED-LENGTH DATA ELEMENTS--GENERAL INFORMATION
fixed length control field 181216s||||||||xx |||||||||||||| ||und||
040 ## - CATALOGING SOURCE
Transcribing agency GE_BSU
080 ## - UNIVERSAL DECIMAL CLASSIFICATION NUMBER
Universal Decimal Classification number 581.7(075.32)
100 ## - MAIN ENTRY--PERSONAL NAME
Personal name Варасова,Н.Н.
245 ## - TITLE STATEMENT
Title Физиология растении
245 ## - TITLE STATEMENT
Statement of responsibility, etc. Под.ред.В.В.Аникиева. Ред.Т.Я.Кочегурова
260 ## - PUBLICATION, DISTRIBUTION, ETC.
Place of publication, distribution, etc. Ленинград
260 ## - PUBLICATION, DISTRIBUTION, ETC.
Name of publisher, distributor, etc. Колос
260 ## - PUBLICATION, DISTRIBUTION, ETC.
Date of publication, distribution, etc. 1969
300 ## - PHYSICAL DESCRIPTION
Extent 224стр.20см.
653 ## - INDEX TERM--UNCONTROLLED
Uncontrolled term Физиология растении
942 ## - ADDED ENTRY ELEMENTS (KOHA)
Koha item type წიგნი
ეგზემპლარები
Withdrawn status Lost status Damaged status Not for loan Date acquired Barcode Date last seen Price effective from Koha item type
        2018-12-17 20848 2018-12-17 2018-12-17 წიგნი
        2018-12-17 20857 2018-12-17 2018-12-17 წიგნი